[Event "Foment Martinenc op-B 23rd"]
[Site "Barcelona"]
[Date "2023.06.10"]
[Round "8"]
[White "Rodriguez Fontanet, Eric"]
[Black "Asatryan, Maria Cristina"]
[Result "1-0"]
[WhiteElo "1413"]
[BlackElo "1403"]
[PlyCount "75"]
[EventDate "2023.04.22"]
[EventType "swiss"]
[EventRounds "9"]
[EventCountry "ESP"]
[SourceTitle "EXT 2024"]
[Source "ChessBase"]
[SourceDate "2023.10.10"]
[SourceVersion "1"]
[SourceVersionDate "2023.10.10"]
[SourceQuality "1"]

1. d4 d5 2. c4 c6 3. Nc3 Nf6 4. Nf3 e6 5. Bg5 Nbd7 6. e3 Be7 7. Qc2 b6 8. Rd1 0-0 9. Bd3 dxc4 10. Bxc4 Nd5 11. Bxe7 Qxe7 12. 0-0 N7f6 13. Ne4 Nxe4 14. Qxe4 Rd8 15. Bd3 Nf6 16. Qh4 Rd5 17. Bxh7+ Kf8 18. Bb1 Rh5 19. Qg3 Bb7 20. e4 c5 21. e5 Ne4 22. Qg4 g6 23. Bxe4 Bxe4 24. Qxe4 Rc8 25. dxc5 bxc5 26. Qd3 Kg7 27. Qd7 Qxd7 28. Rxd7 g5 29. g4 Rh6 30. Nxg5 Rf8 31. Rxa7 Rg6 32. f4 Kg8 33. Rc7 f6 34. exf6 Rfxf6 35. Rxc5 Rg7 36. Rc8+ Rf8 37. Rxf8+ Kxf8 38. Nxe6+ 1-0

[Event "Foment Martinenc op-B 23rd"]
[Site "Barcelona"]
[Date "2023.05.27"]
[Round "6"]
[White "Munoz Prior, Marcelo"]
[Black "Rodriguez Fontanet, Eric"]
[Result "1/2-1/2"]
[WhiteElo "1435"]
[BlackElo "1413"]
[PlyCount "127"]
[EventDate "2023.04.22"]
[EventType "swiss"]
[EventRounds "9"]
[EventCountry "ESP"]
[SourceTitle "EXT 2024"]
[Source "ChessBase"]
[SourceDate "2023.10.10"]
[SourceVersion "1"]
[SourceVersionDate "2023.10.10"]
[SourceQuality "1"]

1. Nf3 Nf6 2. b3 g6 3. Bb2 Bg7 4. e3 0-0 5. c4 c6 6. Be2 d5 7. 0-0 Bf5 8. Nh4 Qd7 9. Nxf5 Qxf5 10. d4 Nbd7 11. Bd3 Qg5 12. f4 Qg4 13. Nd2 Qxd1 14. Raxd1 Ng4 15. Rde1 f5 16. h3 Ngf6 17. Rc1 Rfe8 18. b4 e6 19. Nb3 dxc4 20. Bxc4 Ne4 21. Rc2 Nb6 22. Bd3 Nd5 23. Rcc1 Nxe3 24. Rfe1 Nd5 25. a3 Nxf4 26. Bxe4 fxe4 27. Rxe4 Nd3 28. Rc2 Nxb2 29. Rxb2 Rad8 30. Rbe2 Rd6 31. Kf1 b6 32. a4 Kf7 33. b5 cxb5 34. axb5 Rd5 35. Rc2 Rxb5 36. Rc7+ Re7 37. Rf4+ Rf5 38. Rxf5+ exf5 39. Rc6 Rd7 40. Ke2 Bxd4 41. Nxd4 Rxd4 42. Rc7+ Kf6 43. Rxa7 h5 44. Rb7 Rd6 45. Kf3 Kg5 46. Rb8 Rd3+ 47. Ke2 Rb3 48. Rb7 b5 49. Rb6 Rb2+ 50. Kf3 b4 51. h4+ Kh6 52. g3 b3 53. Kf4 Rb1 54. Ke5 b2 55. Kf6 Rc1 56. Rxb2 Rc6+ 57. Kf7 g5 58. Rb8 gxh4 59. gxh4 Rc7+ 60. Kf6 f4 61. Rh8+ Rh7 62. Rg8 Rc7 63. Rh8+ Rh7 64. Rg8 1/2-1/2

[Event "Foment Martinenc op-B 23rd"]
[Site "Barcelona"]
[Date "2023.05.13"]
[Round "4"]
[White "Rodriguez Fontanet, Eric"]
[Black "Pivi, Lorenzo"]
[Result "1/2-1/2"]
[WhiteElo "1413"]
[BlackElo "1557"]
[PlyCount "94"]
[EventDate "2023.04.22"]
[EventType "swiss"]
[EventRounds "9"]
[EventCountry "ESP"]
[SourceTitle "EXT 2024"]
[Source "ChessBase"]
[SourceDate "2023.10.10"]
[SourceVersion "1"]
[SourceVersionDate "2023.10.10"]
[SourceQuality "1"]

1. d4 Nf6 2. Nf3 e6 3. c4 b6 4. Bg5 Be7 5. Nc3 h6 6. Bh4 Nh7 7. Bxe7 Qxe7 8. g3 Bb7 9. Bg2 Ng5 10. e3 Ne4 11. Nxe4 Bxe4 12. 0-0 0-0 13. Rc1 d6 14. Ne1 Bxg2 15. Kxg2 Nd7 16. Nd3 c5 17. dxc5 Nxc5 18. Nxc5 dxc5 19. b3 Rad8 20. Qe2 Rd6 21. Rfd1 Rfd8 22. Kf1 R8d7 23. Rxd6 Rxd6 24. Ke1 Qb7 25. f3 g5 26. Rd1 Qd7 27. Rxd6 Qxd6 28. f4 f6 29. Qd2 Qe7 30. a4 g4 31. e4 f5 32. exf5 exf5+ 33. Kd1 Kg7 34. Qc3+ Qf6 35. Qxf6+ Kxf6 36. Ke2 h5 37. Kd3 Ke6 38. Kc3 Kd6 39. Kd3 Kc6 40. Kc3 a6 41. Kc2 Kd6 42. Kc3 Kc6 43. Kc2 a5 44. Kd3 Kd6 45. Kc2 Ke6 46. Kd3 Kd6 47. Kc3 Kc6 1/2-1/2